LEADER 01257nam a2200205 i 4500 001 000000239105 003 CaOOAMICUS 005 20150219000000.0 008 150219s1711 it u000 u fre u 013 $a218010 040 $aSeMil$bita 245 10$aPremiere partie. Des auteurs qui ont fleuri pendant les 25 premieres années du 17e siecle. Tome 2. 300 $a[2] p., P. 433-912, [32] p. 500 $aSegn. : chi1 2E-2N8. 500 $aMarca editoriale: La Virtù. Una donna coi capelli al vento poggia il piede su un globo alato e regge con entrambe le mani un fiocco. Sullo sfondo un paesaggio marino. Motto: Inimicos virtute superabis (Repertorio consultato: Marques d'impressors, Univ. di Barcellona). 773 0 $tBibliothèque des auteurs ecclésiastiques du dix-huitième siècle. Première partie. Des ouvrages publiez depuis 1700 jusqu'à la fin de 1710. Tome 1. [-2.].$dA Paris : Chez André Pralard, ruë saint Jacques, à l'Occasion, 1711$g2$w()31444 850 $aSeMil 852 $aSeMil$W1$xVenegono$y1$m3D II 70 FA$j189451$B189451$CSeMilBibl$Z2$F200260 $8I 961 $aRecupero: Altro 996 $6245$aPremiere partie. Des auteurs qui ont fleuri pendant les 25 premieres années du 17e siecle. Tome 2$9(OLS)http://semarc/title/340496 LEADER 00784nam a2200229 i 4500 001 000000032204 003 CaOOAMICUS 005 20220927161914.0 008 180830s1949 it u000 u ita u 040 $aSeMil$bita 100 1 $aMounier, Emmanuel,$d<1905-1950>.$0(OLS)http://semarc/name/1147 245 10$aTrattato del carattere /$cEmanuele Mounier. 260 $aAlba :$bPaoline,$c1949. 300 $av. ;$c22 cm. 500 $aFondo card. Giovanni Colombo. 650 4$aCarattere - Psicologia.$0(OLS)http://semarc/subject/33 774 0 $t1.$kCatholica$w()192639 774 0 $t2.$kCatholica$w()243610 941 1 $a3 996 $6245$aTrattato del carattere$9(OLS)http://semarc/title/43693 996 $6260$aAlba :$bPaoline$9(OLS)http://semarc/publisher/29692